000
00250nam a2200109 a 4500
008
090930s1972|||| d
100
1
_a
Aubryová, C.
245
1
0
_a
Bela a Sebastián
260
_b
Pravda
_a
Bratislava
_c
1972
041
_a
slo
044
_a
xo
_c
SK
999
_c
27
_d
27